书目信息 |
| 题名: |
选聘优秀大学毕业生担任村干部考试专用教材
|
|
| 作者: | 伍景玉 主编 | |
| 分册: | 综合教程 | |
| 出版信息: | 北京 京华出版社 2008 |
|
| 页数: | 348页 | |
| 开本: | 28cm | |
| 丛书名: | ||
| 单 册: | ||
| 中图分类: | F325.4 | |
| 科图分类: | ||
| 主题词: | 农村--干部--中国--考核--教材 , 农村 , 干部 | |
| 电子资源: | ||
| ISBN: | 978-7-80724-571-1 | |
| 000 | 00878nam0 2200241 450 | |
| 001 | 1162296453 | |
| 005 | 20111004172201.29 | |
| 010 | @a978-7-80724-571-1@dCNY84.00(全套) | |
| 100 | @a20090918d2008 em y0chiy50 ea | |
| 101 | 0 | @achi |
| 102 | @aCN@b110000 | |
| 105 | @ay z 000yy | |
| 200 | 1 | @a选聘优秀大学毕业生担任村干部考试专用教材@Axuan pin you xiu da xue bi ye sheng dan ren cun gan bu kao shi zhuan yong jiao cai@i综合教程@f伍景玉主编 |
| 210 | @a北京@c京华出版社@d2008 | |
| 215 | @a348页@d28cm | |
| 330 | @a本书分为11章,内容包括马克思主义哲学、科学社会主义、邓小平理论、“三个代表”重要思想和科学发展观、马克思主义政治经济学与市场经济、法律常识等。 | |
| 606 | 0 | @a农村@x干部@y中国@x考核@j教材 |
| 606 | 0 | @a农村 |
| 606 | 0 | @a干部 |
| 690 | @aF325.4@v4 | |
| 701 | 0 | @a伍景玉@Awu jing yu@c(女)@4主编 |
| 801 | 0 | @aCN@bNLC@c20101222 |
| 905 | @a10447@dF325.4@eJY16 | |
| 选聘优秀大学毕业生担任村干部考试专用教材.综合教程/伍景玉主编.-北京:京华出版社,2008 |
| 348页;28cm |
| ISBN 978-7-80724-571-1:CNY84.00(全套) |
| 本书分为11章,内容包括马克思主义哲学、科学社会主义、邓小平理论、“三个代表”重要思想和科学发展观、马克思主义政治经济学与市场经济、法律常识等。 |
| ● |
| 相关链接 |
|
|
|
|
正题名:选聘优秀大学毕业生担任村干部考试专用教材
索取号:F325.4/JY16
 
预约/预借
| 序号 | 登录号 | 条形码 | 馆藏地/架位号 | 状态 | 备注 |
| 1 | 7813885 | 278138855 | 学院路分馆/ [索取号:F325.4/JY16] | 在馆 | |
| 2 | 7813886 | 278138864 | 学院路分馆/ [索取号:F325.4/JY16] | 在馆 |